De quels films viennent ces phrases cultes ? - Statistiques

Statistiques générales
  • Ce quiz a été pris 571 fois
  • Le résultat moyen est 9 sur 20
Statistiques - réponses
Phrases Films % Correct
Je suis ton père. Star Wars
98%
Vers l'infini et au delà. Toy Story
85%
Mon précieux. Le seigneur des anneaux
82%
La vie c'est comme une boite de chocolats. Forrest Gump
77%
Je suis le roi du monde! Le Titanic
76%
Alors on attend pas Patrick Camping
74%
Un grand pouvoir implique de grande responsabilité. Spider man
57%
Hasta la vista, Baby. Terminator
55%
On ne laisse pas bébé dans un coin . Dirty Dancing
45%
Vous avez de la pâte ? Vous avez du sucre ? Eh bien avec la pâte, vous faites une crêpe, et puis vous mettez du sucre dessus ! Les bronzés font du ski
43%
C'est pas ma guerre . Rambo
41%
C'est a moi que tu parles ? Taxi Driver
34%
Houston nous avons un problème! Apollo 13
31%
Voici Johnny! Shinning
21%
Pourquoi si sérieux ? The Dark Knight
16%
Je suis trop vieux pour ces conneries . L'arme fatale
15%
Dit bonjour à mon petit ami! Scarface
15%
C'est l'occasion qui fais le larron Les Tontons flingueurs
6%
C'est que c'est dur d’être aimé par des cons. Le père noël est une ordure
3%
Faut jamais dire aux gens qu’ils sont cons, ils le prennent mal. Le fabuleux destin d'Amelie Poulain
1%
Aucun quiz correspondant
Distribution des résultats
% des personnes avec chaque résultat
Percentile par nombre de réponses
Votre historique - résultats
Vous n’avez pas pris ce quiz